Tobacco producing countries Quiz Stats

 Plays Quiz not verified by Sporcle

Score 0/20 Timer 05:00
0 Plays Today
Metric tons per year Country % Correct
2,563,510China
95.8%
477,630United States of America
95.6%
578,451Brazil
90.9%
701,700India
90%
114,156Argentina
80.5%
260,000Turkey
73.1%
145,000Indonesia
72.4%
107,700Pakistan
70.9%
132,200Italy
68.5%
71,000Canada
62.7%
Metric tons per year Country % Correct
60,803Japan
62.2%
136,593Greece
57.1%
74,720Thailand
54.5%
68,198South Korea
49.1%
49,493Philippines
43.8%
46,260Myanmar
40.1%
63,000North Korea
29.1%
70,000Bulgaria
28.3%
227,726Zimbabwe
18.9%
120,000Malawi
13.5%

You're not logged in!

Compare scores with friends on all Sporcle quizzes.
OR
Log In

Show Comments

Extras

Top Quizzes Today


Score Distribution

Your Account Isn't Verified!

In order to create a playlist on Sporcle, you need to verify the email address you used during registration. Go to your Sporcle Settings to finish the process.

Report this User

Report this user for behavior that violates our Community Guidelines.

Details: